Political Science Quarterly (Record no. 5441)

MARC details
000 -CABECERA
campo de control de longitud fija 01083nam a2200229 a 4500
001 - NÚMERO DE CONTROL
campo de control BRCA_5751
005 - FECHA Y HORA DE LA ÚLTIMA TRANSACCIÓN
campo de control 20190321142933.0
008 - DATOS DE LONGITUD FIJA--INFORMACIÓN GENERAL
campo de control de longitud fija 040311s1946----nyu#######---#000-0#eng-#
041 ## - CÓDIGO DE LENGUA
Código de lengua del texto/banda sonora o título independiente eng
044 ## - CÓDIGO DEL PAÍS DE LA ENTIDAD EDITORA/PRODUCTORA
Código MARC del país nyu
050 #4 - SIGNATURA TOPOGRÁFICA DE LA BIBLIOTECA DEL CONGRESO
Número de documento/Ítem .P65 2 1946
245 10 - MENCIÓN DE TÍTULO
Título Political Science Quarterly
Mención de responsabilidad, etc. edited for the Academy of Political Science by the Faculty of Political Science of Columbia University.
260 ## - PUBLICACIÓN, DISTRIBUCIÓN, ETC.
Lugar de publicación, distribución, etc. Nueva York
Nombre del editor, distribuidor, etc. Academy of Political Science
Fecha de publicación, distribución, etc. 1946
300 ## - DESCRIPCIÓN FÍSICA
Extensión 13 v.
Dimensiones 21 cm.
500 ## - NOTA GENERAL
Nota general Ver también G1
500 ## - NOTA GENERAL
Nota general H67
505 0# - NOTA DE CONTENIDO CON FORMATO
Nota de contenido con formato Contenido: v.1. LVII Sept. 1943 No.3. -- v.2. LVII Dec. 1943 No.4. -- v.3. XX Jan. 1944 No.4. -- v.4. XX Mar. 1944 No.1. -- v.5. XXI May. 1944 No.1. -- v.6. LIX Jun. 1944 No.2. -- v.7. LIX Sept. 1944 No.3. -- v.8. XXI Jan. 1945 No.2. -- v.9. XL Mar. 1945 No.1. -- v.10. XXI May. 1945 No.3. -- v.11. XXI Jun. 1945 No.2. -- v.12. XXI Dic. 1945 No.4. -- v.13. LX Mar. 1946 No.1
650 14 - PUNTO DE ACCESO ADICIONAL DE MATERIA--TÉRMINO DE MATERIA
Término de materia o nombre geográfico como elemento de entrada Ciencia política
Subdivisión geográfica Estados Unidos
9 (RLIN) 14589
710 2# - PUNTO DE ACCESO ADICIONAL--NOMBRE DE ENTIDAD CORPORATIVA
Nombre de entidad corporativa o nombre de jurisdicción como elemento de entrada Columbia University
Unidad subordinada Academy of Political Science
9 (RLIN) 14590
902 ## - CATALOGADOR
Iniciales GFM
942 ## - ELEMENTOS DE PUNTO DE ACCESO ADICIONAL (KOHA)
Fuente del sistema de clasificación o colocación Library of Congress Classification
Tipo de ítem Koha Libros
Holdings
Estado de retiro Estado de pérdida Estado dañado No para préstamo Localización permanente Ubicación/localización actual Fecha de adquisición Número de inventario Total de préstamos Signatura topográfica completa Código de barras Fecha visto por última vez Precio válido a partir de Tipo de ítem Koha
El ejemplar forma parte de la colección y puede ser consultado según las políticas vigentes.       Biblioteca del Museo Franz Mayer (Rogerio Casas-Alatriste) Biblioteca del Museo Franz Mayer (Rogerio Casas-Alatriste) 07/03/2011 H67   .P65 2 1946 (H67) 6190 22/03/2019 22/03/2019 Libros